000 00833cab a2200241 4500
001 ABS36406
008 090401t1986 xxu||||| |||| 00| 0 eng d
035 _a(Sirsi) u78172
041 _aeng
100 _aAtkinson, G.
245 _aEnergy research in shorter measures
260 _c1986
350 _a0
490 _aBuilding
_v250 (7449) 13 June 1986, 58-59 (2)
520 _aLooks at BRE research into domestic heating consumption since 1945 and describes how the time taken making laborious heat measurements was drastically reduced in the 1980s by the use of a powerful computer model BREDEM . References. figures.
650 _aBRE
650 _aCOMPUTERS
650 _aDWELLINGS
650 _aENERGY CONSUMPTION
690 _aBUILDING AND CONSTRUCTION-ENERGY CONSERVATION
942 _n0
948 _c04/03/1997
999 _c49191
_d49191